Herschell Gordon Lewis on the art of writing copy /
Wedi'i Gadw mewn:
| Prif Awdur: | |
|---|---|
| Fformat: | Llyfr |
| Iaith: | English |
| Cyhoeddwyd: |
New York :
AMACOM,
1999.
|
| Rhifyn: | 2nd ed. |
| Pynciau: | |
| Tagiau: |
Ychwanegu Tag
Dim Tagiau, Byddwch y cyntaf i dagio'r cofnod hwn!
|
| Thư viện lưu trữ: | Mạng thư viện Đại học Đà Nẵng |
|---|
| LEADER | 00877cam a2200349 i 4500 | ||
|---|---|---|---|
| 001 | 000047644 | ||
| 003 | 7334 | ||
| 005 | 20030304152313.0 | ||
| 008 | 010322|1999 vm 000 eng | ||
| 020 | |a 0814470319 | ||
| 040 | |a IRC |c IRC |d IRC | ||
| 041 | 0 | |a eng | |
| 082 | 1 | 4 | |a 659.132 |b LE-H |
| 100 | 1 | |a Lewis, Herschell Gordon, |d 1926- | |
| 245 | 0 | 0 | |a Herschell Gordon Lewis on the art of writing copy / |c Herschell Gordon Lewis. |
| 250 | |a 2nd ed. | ||
| 260 | |a New York : |b AMACOM, |c 1999. | ||
| 300 | |c 28cm. | ||
| 630 | 0 | 4 | |a Business. |
| 630 | 0 | 4 | |a Advertising. |
| 650 | 0 | 4 | |a Business writing. |
| 650 | 0 | 4 | |a Advertising copy. |
| OWN | |a DUT | ||
| 999 | |a From the UDN01 | ||
| TYP | |a Monograph | ||
| TYP | |a Printed language | ||
| 980 | |a Mạng thư viện Đại học Đà Nẵng | ||


